00951nam a22001457a 4500008004100000020001800041082001700059100003400076245011400110260007600224300002900300505032900329650006100658700008600719150410b xxu||||| |||| 00| 0 eng d a9789930944370 a707bCh 512d aChavarria Zamora, Maria Jose  aDis local:bJavier CalvocChavarria Zamora, Maria Jose (curadora), Mclver, Natasha (tr), Calvo, Javier (fot). aSan Jose, Costa RicabMuseo de Arte y Diseño Contemporaneo MADCc2013 a40 p.bill. (col)c24 cm tDisolver la imagen, un juego de poderrFiorella ResenterratSobre Dis-localrMaria Jose ChavarriatDis-local Centroamerica en la piel: Notas sociologicas sobre un arte epidermicorSergio VillenatDis-local: de la subjetividad individual a la conciencia regional. Manifiesto del artista centroamericanorBlanca Victoria Lopez xArte-catalogosxMuseosxArte contemporaneoxBellas artes aMaria Jose Chavarria Zamora (curadora), Natasha Mclver (tr), Javier Calvo (fot).